| 000 | 00732nam a2200229 a 4500 | ||
|---|---|---|---|
| 001 | BRCA_991 | ||
| 005 | 20190320203232.0 | ||
| 008 | 930730s1990 mx-a---##b---#000-0bspa-d | ||
| 020 | _a9682925576 | ||
| 040 |
_aCGP _cCGP _dOCL |
||
| 050 | 4 |
_aNB813.T6 _b.U75 1990 |
|
| 100 | 1 |
_aUribe, Eloísa _9915 |
|
| 245 | 1 | 0 |
_aTolsá _bhombre de la ilustración _cEloísa Uribe. |
| 260 |
_aMéxico _bCONACULTA : INBA : MUNAL _c1990 |
||
| 300 |
_a197 p. _bil. (algunas a color) _c27 cm. |
||
| 500 | _aIncluye índice de ilustraciones | ||
| 504 | _aBibliografía: p. 191-194 | ||
| 600 | 1 | 4 |
_aTolsá, Manuel _d1757-1816 _93269 |
| 650 | 1 | 4 |
_aArquitectos _vBiografías _zMéxico _93270 |
| 650 | 1 | 4 |
_aEscultores _vBiografías _zMéxico _93271 |
| 942 |
_2lcc _cB |
||
| 999 |
_c875 _d875 |
||